| 000 | 01028nam a22002775i 4500 | ||
|---|---|---|---|
| 001 | 177359 | ||
| 003 | ES-MaACL | ||
| 005 | 20251211063019.0 | ||
| 008 | 110317s2009 sp |||| | spa d | ||
| 020 | _a978-84-87064-68-5 | ||
| 080 | _a17 | ||
| 100 | 1 |
_aFerrer i Guàrdia, Francesc, _d1859-1909 _9242588 |
|
| 245 | 1 | 0 |
_aPrincipios de moral científica / _cF. Ferrer i Guàrdia ; pròleg de Vicenç Molina. |
| 260 |
_aBarcelona : _bFundació Ferrer i Guàrdia, _cimp. 2009. |
||
| 300 |
_a74 p. ; _c21 cm. |
||
| 490 | 1 |
_aPensamiento laico y progresista ; _v9 |
|
| 534 |
_pReprod. de la ed. de: _cBarcelona : Publicaciones de la Escuela Moderna, 1907. |
||
| 546 | _aTexto en castellano; prólogo en catalán. | ||
| 594 | _a"Centenari Ferrer i Guàrdia" | ||
| 650 | 7 |
_aÉtica _2embne _912577 |
|
| 700 | 1 |
_aMolina, Vicenç. _9145683 |
|
| 710 | 2 |
_aFundación Francisco Ferrer. _9145187 |
|
| 830 | 1 |
_aPensamiento laico y progresista ; _v9 _9224166 |
|
| 852 | 4 |
_aES-MaACL _j2275-F-3 |
|
| 999 |
_c177359 _d177359 |
||